[Event "Fouesnant op 11th"]
[Site "Fouesnant"]
[Date "2005.10.26"]
[Round "6"]
[White "Barre, Pierre"]
[Black "Peyre, Camille"]
[Result "1/2-1/2"]
[WhiteElo "1999"]
[BlackElo "1770"]
[PlyCount "51"]
[EventDate "2005.10.22"]
[EventType "swiss"]
[EventRounds "9"]
[EventCountry "FRA"]
[SourceTitle "EXT 2007"]
[Source "ChessBase"]
[SourceDate "2006.11.23"]
[SourceVersion "1"]
[SourceVersionDate "2006.11.23"]
[SourceQuality "1"]

1. e4 c6 2. d4 d5 3. Nd2 dxe4 4. Nxe4 Bf5 5. Ng3 Bg6 6. Bc4 e6 7. N1e2 Bd6 8. Nf4 Nf6 9. h4 Qc7 10. Qf3 Bxc2 11. Bd2 h6 12. 0-0 e5 13. dxe5 Bxe5 14. Rfe1 0-0 15. Rac1 Bh7 16. Rxe5 Qxe5 17. Bc3 Qd6 18. Ngh5 Nbd7 19. Nxg7 Ne5 20. Bxe5 Qxe5 21. Ngh5 Nxh5 22. Nxh5 Qf5 23. Nf6+ Kg7 24. Nh5+ Kg8 25. Nf6+ Kg7 26. Nh5+ 1/2-1/2

[Event "Fouesnant op 11th"]
[Site "Fouesnant"]
[Date "2005.10.23"]
[Round "3"]
[White "Le Moy, Patrick"]
[Black "Barre, Pierre"]
[Result "1-0"]
[WhiteElo "1690"]
[BlackElo "1999"]
[PlyCount "39"]
[EventDate "2005.10.22"]
[EventType "swiss"]
[EventRounds "9"]
[EventCountry "FRA"]
[SourceTitle "EXT 2007"]
[Source "ChessBase"]
[SourceDate "2006.11.23"]
[SourceVersion "1"]
[SourceVersionDate "2006.11.23"]
[SourceQuality "1"]

1. d4 Nf6 2. c4 g6 3. Nc3 d5 4. e3 Bg7 5. Be2 0-0 6. Nf3 c5 7. 0-0 cxd4 8. Nxd4 Nc6 9. cxd5 Nxd5 10. Bf3 Nxc3 11. bxc3 Ne5 12. Be4 Nc4 13. Rb1 e5 14. Nf3 Rb8 15. Qa4 Na5 16. Rd1 Qc7 17. Ba3 Rd8 18. Rxd8+ Qxd8 19. Rd1 Qb6 20. Qe8+ 1-0